[Event "Heart of Finland op 14th"]
[Site "Jyvaskyla"]
[Date "2004.07.24"]
[Round "6"]
[White "Norri, Joose"]
[Black "Rychagov, Mikhail"]
[Result "1-0"]
[WhiteElo "2421"]
[BlackElo "2461"]
[PlyCount "171"]
[EventDate "2004.07.21"]
[EventType "swiss"]
[EventRounds "9"]
[EventCountry "FIN"]
[SourceTitle "EXT 2007"]
[Source "ChessBase"]
[SourceDate "2006.11.23"]
[SourceVersion "1"]
[SourceVersionDate "2006.11.23"]
[SourceQuality "1"]

1. d4 d5 2. c4 c6 3. Nc3 Nf6 4. e3 e6 5. Nf3 Nbd7 6. Qc2 Bd6 7. Be2 0-0 8. b3 b6 9. 0-0 Bb7 10. e4 dxe4 11. Nxe4 Nxe4 12. Qxe4 Nf6 13. Qh4 c5 14. dxc5 bxc5 15. Bb2 Ne4 16. Qg4 g6 17. Rad1 Qc7 18. Bd3 f5 19. Qh3 Nf6 20. Ng5 Rae8 21. Rfe1 e5 22. Bf1 Bc8 23. Rd2 h5 24. Qg3 Rd8 25. Red1 Qe7 26. Nf3 Ng4 27. h3 f4 28. Qh4 Nf6 29. Qg5 Bf5 30. Nh4 Ne4 31. Qxe7 Bxe7 32. Rxd8 Rxd8 33. Rxd8+ Bxd8 34. Nxf5 gxf5 35. Bxe5 Bh4 36. Bxf4 Bxf2+ 37. Kh2 h4 38. g4 hxg3+ 39. Kg2 Kf7 40. Bd3 Nc3 41. Bxf5 Nxa2 42. Bxg3 Bxg3 43. Kxg3 Nc1 44. Bc2 Ne2+ 45. Kg4 Kf6 46. h4 Nd4 47. Bd1 Nf5 48. Kh3 a5 49. h5 Kg5 50. Kh2 Kf4 51. Kg2 Ne3+ 52. Kg1 Nf5 53. Kf2 Nh6 54. Bc2 Ng4+ 55. Ke2 Nh6 56. Bg6 Ng4 57. Kd3 Nh6 58. Be8 Ng4 59. Ke2 Nh6 60. Bd7 Nf7 61. Kf2 Nh6 62. Kg2 Nf7 63. Be6 Nh6 64. Kh3 Ke5 65. Bd7 Kd6 66. Bc8 Ke5 67. Kh4 Nf7 68. Kg4 Kf6 69. Kf4 Nd6 70. Bd7 Ke7 71. Bc6 Kf6 72. h6 Kg6 73. Ke5 Nf7+ 74. Kd5 Nxh6 75. Kxc5 Kf6 76. Kb5 Nf5 77. Kxa5 Nd4 78. Ba4 Ke7 79. Kb6 Kd8 80. Kb7 Nf5 81. c5 Nd4 82. b4 Ne6 83. c6 Nc7 84. b5 Ne8 85. b6 Nd6+ 86. Kb8 1-0

[Event "Heart of Finland op 14th"]
[Site "Jyvaskyla"]
[Date "2004.07.23"]
[Round "5"]
[White "Rychagov, Mikhail"]
[Black "Flumbort, Andras"]
[Result "1/2-1/2"]
[WhiteElo "2461"]
[BlackElo "2493"]
[PlyCount "56"]
[EventDate "2004.07.21"]
[EventType "swiss"]
[EventRounds "9"]
[EventCountry "FIN"]
[SourceTitle "EXT 2007"]
[Source "ChessBase"]
[SourceDate "2006.11.23"]
[SourceVersion "1"]
[SourceVersionDate "2006.11.23"]
[SourceQuality "1"]

1. d4 Nf6 2. c4 g6 3. Nc3 d5 4. cxd5 Nxd5 5. e4 Nxc3 6. bxc3 Bg7 7. Bc4 c5 8. Ne2 Nc6 9. Be3 0-0 10. 0-0 Bg4 11. f3 Na5 12. Bxf7+ Rxf7 13. fxg4 Rxf1+ 14. Kxf1 Qd7 15. g5 Nc4 16. Bf2 cxd4 17. cxd4 e5 18. dxe5 Qf7 19. Kg1 Bxe5 20. Rc1 b5 21. Nc3 Bf4 22. Rb1 Nd2 23. Rxb5 Bxh2+ 24. Kxh2 Qxf2 25. Qg4 Rf8 26. Qe6+ Kh8 27. Qe5+ Kg8 28. Qe6+ Kh8 1/2-1/2

[Event "Heart of Finland op 14th"]
[Site "Jyvaskyla"]
[Date "2004.07.22"]
[Round "3"]
[White "Rychagov, Mikhail"]
[Black "Lehtinen, Heikki"]
[Result "1/2-1/2"]
[WhiteElo "2461"]
[BlackElo "2404"]
[PlyCount "59"]
[EventDate "2004.07.21"]
[EventType "swiss"]
[EventRounds "9"]
[EventCountry "FIN"]
[SourceTitle "EXT 2007"]
[Source "ChessBase"]
[SourceDate "2006.11.23"]
[SourceVersion "1"]
[SourceVersionDate "2006.11.23"]
[SourceQuality "1"]

1. e4 g6 2. d4 Bg7 3. Nc3 d6 4. f4 Nf6 5. Nf3 0-0 6. Bd3 Nc6 7. e5 dxe5 8. fxe5 Nh5 9. Be2 Bg4 10. Be3 f6 11. exf6 exf6 12. 0-0 Ne7 13. Bc4+ Kh8 14. h3 Bd7 15. Re1 Nf5 16. Bf2 Nd6 17. Bb3 b5 18. a4 b4 19. Nd5 Rb8 20. Qd2 f5 21. Bh4 Qc8 22. Ne7 Qb7 23. Ne5 Be8 24. Bd5 Qb6 25. a5 Qb5 26. b3 Nf6 27. Bxf6 Rxf6 28. N5c6 Bxc6 29. Bxc6 Qa6 30. Bd5 1/2-1/2

[Event "Keres Memorial rap"]
[Site "Tallinn"]
[Date "2004.01.03"]
[Round "3"]
[White "Dreev, Alexey"]
[Black "Rychagov, Mikhail"]
[Result "1-0"]
[WhiteElo "2682"]
[BlackElo "2465"]
[PlyCount "139"]
[EventDate "2004.01.03"]
[EventType "tourn (rapid)"]
[EventRounds "7"]
[EventCountry "EST"]
[EventCategory "15"]
[SourceTitle "CBM 100"]
[Source "ChessBase"]
[SourceDate "2004.06.01"]
[SourceVersion "1"]
[SourceVersionDate "2004.06.01"]
[SourceQuality "1"]

1. d4 Nf6 2. c4 g6 3. Nc3 d5 4. Bf4 Bg7 5. e3 c5 6. dxc5 Qa5 7. Rc1 dxc4 8. Bxc4 0-0 9. Nge2 Nc6 10. Qb3 Qxc5 11. Nb5 Qh5 12. Ng3 Qh4 13. Nc7 e5 14. Bxe5 Nxe5 15. Nxa8 Bd7 16. Nc7 Bc6 17. Nd5 Kh8 18. Nf4 g5 19. Nd3 Nxd3+ 20. Qxd3 Bxg2 21. Nf5 Qh3 22. Nxg7 Kxg7 23. Rg1 Qxh2 24. Kd2 h6 25. Qd4 Re8 26. Kc2 Be4+ 27. Kb3 b5 28. Bxb5 Bd5+ 29. Ka3 Re4 30. Qxa7 Qxf2 31. b3 Rxe3 32. Qc5 Qf3 33. Ba4 Qe4 34. Rcd1 Re2 35. Bb5 Rc2 36. Qd6 Rxa2+ 37. Kxa2 Qc2+ 38. Ka1 Qc3+ 39. Kb1 Qxb3+ 40. Kc1 Qc3+ 41. Kb1 Qb3+ 42. Kc1 Qxb5 43. Qe5 Qc4+ 44. Kb2 Qb4+ 45. Kc1 Qc4+ 46. Kb2 Qb3+ 47. Kc1 Be4 48. Qb2 Qe3+ 49. Qd2 Qa3+ 50. Qb2 Qc5+ 51. Kd2 Kg6 52. Rge1 Bf5 53. Rc1 Qf2+ 54. Kc3 Qc5+ 55. Kb3 Be6+ 56. Rxe6 Qd5+ 57. Ka3 Qxe6 58. Qc3 g4 59. Re1 Qa6+ 60. Kb2 Qb5+ 61. Ka3 Qa6+ 62. Kb2 Qb5+ 63. Ka3 Qa6+ 64. Kb3 Qb5+ 65. Kc2 Qa4+ 66. Kc1 Qf4+ 67. Kb2 Qf2+ 68. Kc1 Qf3 69. Re3 Qg2 70. Rg3 1-0

[Event "Keres Memorial rap"]
[Site "Tallinn"]
[Date "2004.01.03"]
[Round "1"]
[White "Shirov, Alexei"]
[Black "Rychagov, Mikhail"]
[Result "1-0"]
[WhiteElo "2736"]
[BlackElo "2465"]
[PlyCount "75"]
[EventDate "2004.01.03"]
[EventType "tourn (rapid)"]
[EventRounds "7"]
[EventCountry "EST"]
[EventCategory "15"]
[SourceTitle "CBM 100"]
[Source "ChessBase"]
[SourceDate "2004.06.01"]
[SourceVersion "1"]
[SourceVersionDate "2004.06.01"]
[SourceQuality "1"]

1. e4 e5 2. Nc3 Nf6 3. g3 d5 4. exd5 Nxd5 5. Bg2 Nxc3 6. bxc3 Bc5 7. Ne2 Nc6 8. 0-0 0-0 9. d3 Bg4 10. h3 Bh5 11. Rb1 Rb8 12. g4 Bg6 13. Ng3 Qd7 14. Kh2 b6 15. f4 exf4 16. Bxf4 Bd6 17. Qf3 Ne5 18. Qd5 c6 19. Qd4 c5 20. Qf2 Nc6 21. h4 h6 22. Rbe1 Rbe8 23. Rxe8 Rxe8 24. Bxc6 Qxc6 25. Bxd6 Qxd6 26. h5 Bxh5 27. gxh5 f6 28. Qf4 Qd5 29. c4 Qf7 30. Rf3 Qe6 31. Rf2 Qf7 32. Qg4 Re5 33. Re2 Rg5 34. Qc8+ Kh7 35. Re8 Rxh5+ 36. Nxh5 Qxh5+ 37. Kg3 Qg6+ 38. Kf2 1-0